| 000 | 00847nam a2200241Ia 4500 | ||
|---|---|---|---|
| 003 | OSt | ||
| 005 | 20220918111019.0 | ||
| 006 | a|||||r|||| 00| 0 | ||
| 007 | ta | ||
| 008 | 220915b |||||||| |||| 00| 0 hin d | ||
| 024 | _a208815 | ||
| 037 | _cReference Collections | ||
| 040 |
_aARTS _cARTS _bhin |
||
| 041 |
_2hin _ahin |
||
| 082 | _aP1521:4k, 152M5(RR) | ||
| 100 |
_aमिश्र, विधा निवास _98953 |
||
| 245 | 0 | _aसाहित्यिक ब्रजभाषा कोष | |
| 246 | _aSāhityik brajabhāṣhā koṣha | ||
| 260 |
_aलखनळ _bउतरप्रदेश हिन्दी संस्थान _c1985 |
||
| 300 | _a360पृ0 | ||
| 942 |
_hP1521:4k, 152M5(RR) _cREF |
||
| 999 |
_c116444 _d116444 |
||